Statistics for Math Geeks #5: Speed typing multiplication

Click here to take the quiz!

General Stats

  • This quiz has been taken 41 times
  • The average score is 9 of 10

Answer Stats

HintAnswer% Correct
3 x 515
100%
3 x 1030
100%
2 x 48
100%
9 x 19
100%
12 x 448
97%
8 x 864
97%
10 x 16160
92%
100 x 3300
92%
20 x 9180
83%
13 x 565
83%

Score Distribution

Percentile by Number Answered

Percent of People with Each Score

Your Score History

You have not taken this quiz